| 000 | 00709nam a2200181 a 4500 | ||
|---|---|---|---|
| 001 | 000040626 | ||
| 005 | 20201002034248.0 | ||
| 008 | 130904s2010 sp 001 0 spa d | ||
| 040 |
_aDO-SdBNP _bspa _cBNPHU |
||
| 245 | 0 | 0 |
_aDocuficción enlaces entre ficción y no-ficción en la cultura española actual / _ceditado por Michrcild Albert...[et.al]. |
| 260 |
_aMadrid : _bEdiciones Iberoamericana, _c2010. |
||
| 300 |
_a386 p. ; _c23 cm. |
||
| 490 | 1 |
_aHistoria y crítica de la literatura _v49 |
|
| 504 | _aIncluye referencias bibliográficas y notas al pie de las paginas | ||
| 500 | _aIncluye índice | ||
| 700 | 1 |
_aAlbert, Michrcild _eed. _966974 |
|
| 830 | 0 |
_aHistoria y crítica de la literatura _v49 _966975 |
|
| 999 |
_c40116 _d40116 |
||